000 01298cam a22001934a 4500
005 20250605164150.0
008 250528s ||||||||||||||||||||||||d
035 _a19357
020 _a960442128
040 _aGR-AtMCL
_bgre
_dGR-AtMCL
_eAACR2
245 1 _aΤο Ημίχρονο του Θανάτου / Μυθιστόρημα
260 _bΕλληνικά Γράμματα,
_c2005
300 _a223
520 _aΈντεκα ιστορίες που έχουν την αφετηρία τους στη μυθολογία του ποδοσφαίρου αλλά που προσγειώνονται - όλες ανεξαιρέτως - στη σκληρή πραγματικότητα. Ένα Ζευγάρι Γάντια, Ο Φόβος του Τερματοφύλακα, Φωτογραφίες, Ο Τζίμης ο ''Κυλάει'', ΖΖ Τορ, Ο Ιπτάμενος Ολλανδός, Ο Καλπάζων Συνταγματάρχης, Ο Θρύλος της Καταλονίας, Μια Οικογενειακή Υπόθεση, Το Κουτσό Πουλί, Το Παιχνίδι του Θανάτου, Ωδή στον Γιώργο Δεληκάρη, Βιβλιογραφία.
700 1 _aΧαραλαμπόπουλος Χρίστος
_95606
942 _cBK
999 _c4613
_d4613